[Event "Portoroz op 14th"]
[Site "Portoroz"]
[Date "2023.07.21"]
[Round "8"]
[White "Ivanec, Dezider"]
[Black "Barca, Michal"]
[Result "1-0"]
[WhiteElo "2061"]
[BlackElo "1696"]
[PlyCount "83"]
[EventDate "2023.07.15"]
[EventType "swiss"]
[EventRounds "9"]
[EventCountry "SLO"]
[SourceTitle "CBM 215 Extra"]
[Source "ChessBase"]
[SourceDate "2023.09.30"]
[SourceVersion "1"]
[SourceVersionDate "2023.09.30"]
[SourceQuality "1"]

1. e4 e6 2. d4 d5 3. Nc3 dxe4 4. Nxe4 Be7 5. Nf3 Nf6 6. Nxf6+ Bxf6 7. Bd3 c5 8. dxc5 Qa5+ 9. Nd2 Bd7 10. 0-0 Qxc5 11. Ne4 Qe7 12. Bf4 e5 13. Nxf6+ gxf6 14. Bg3 f5 15. Bxe5 Rg8 16. Re1 Be6 17. Bxb8 Rxb8 18. Bxf5 Rd8 19. Qe2 Qg5 20. Be4 h5 21. g3 h4 22. Qe3 hxg3 23. fxg3 Qb5 24. b3 Rh8 25. c4 Qh5 26. Re2 Kf8 27. Bf3 Qg6 28. Qxa7 Bg4 29. Qc5+ Kg8 30. Bxg4 Qxg4 31. Rae1 Kg7 32. Re4 Qg6 33. Qe5+ Kg8 34. Rd4 Ra8 35. Red1 Rf8 36. Rd8 Qb6+ 37. R8d4 Rh6 38. c5 Qc6 39. Rd8 Rf6 40. Rxf8+ Kxf8 41. Rd8+ Kg7 42. Rd6 1-0

[Event "Portoroz op 14th"]
[Site "Portoroz"]
[Date "2023.07.18"]
[Round "5"]
[White "Ivancsics, Philipp"]
[Black "Ivanec, Dezider"]
[Result "0-1"]
[WhiteElo "1846"]
[BlackElo "2061"]
[PlyCount "76"]
[EventDate "2023.07.15"]
[EventType "swiss"]
[EventRounds "9"]
[EventCountry "SLO"]
[SourceTitle "CBM 215 Extra"]
[Source "ChessBase"]
[SourceDate "2023.09.30"]
[SourceVersion "1"]
[SourceVersionDate "2023.09.30"]
[SourceQuality "1"]

1. e4 c5 2. Nf3 g6 3. d4 cxd4 4. Nxd4 Bg7 5. c4 Nc6 6. Be3 Nf6 7. f3 d6 8. Nc3 0-0 9. Be2 Bd7 10. 0-0 a5 11. Qd2 Nxd4 12. Bxd4 Bc6 13. Rad1 Nd7 14. Kh1 Bxd4 15. Qxd4 Qb6 16. b3 Qxd4 17. Rxd4 Nc5 18. Nd5 Bxd5 19. exd5 Rfe8 20. f4 Ra6 21. Rb1 Rb6 22. Kg1 e5 23. fxe5 Rxe5 24. Kf2 Rb4 25. Bd1 Ne4+ 26. Kf3 f5 27. Rd3 b5 28. cxb5 Rxb5 29. Rb2 Kg7 30. a3 Rbxd5 31. Be2 Kf6 32. b4 g5 33. Rxd5 Rxd5 34. b5 Ke5 35. g3 Rd2 36. Rb3 g4+ 37. Ke3 d5 38. Rd3 d4+ 0-1

[Event "Portoroz op 14th"]
[Site "Portoroz"]
[Date "2023.07.17"]
[Round "4"]
[White "Ivanec, Dezider"]
[Black "Mazi, Leon"]
[Result "0-1"]
[WhiteElo "2061"]
[BlackElo "2345"]
[PlyCount "60"]
[EventDate "2023.07.15"]
[EventType "swiss"]
[EventRounds "9"]
[EventCountry "SLO"]
[SourceTitle "CBM 215 Extra"]
[Source "ChessBase"]
[SourceDate "2023.09.30"]
[SourceVersion "1"]
[SourceVersionDate "2023.09.30"]
[SourceQuality "1"]

1. e4 Nf6 2. Nc3 d5 3. e5 Nfd7 4. d4 c5 5. Nf3 e6 6. Bg5 Qb6 7. Na4 Qa5+ 8. c3 cxd4 9. Nxd4 a6 10. b4 Qc7 11. Rc1 Qxe5+ 12. Be3 Be7 13. Bd3 Nc6 14. 0-0 Bd6 15. g3 Qf6 16. Qh5 g6 17. Qe2 Nce5 18. f4 Nxd3 19. Qxd3 0-0 20. Qd1 b5 21. Nb2 Bb7 22. Nd3 Qe7 23. Nf3 f6 24. Nh4 e5 25. fxe5 fxe5 26. Rxf8+ Rxf8 27. Bh6 Rf7 28. Qg4 Nf6 29. Qg5 Ne4 30. Qe3 Qf6 0-1

[Event "SLO-ch 32nd"]
[Site "Radenci"]
[Date "2022.07.09"]
[Round "8"]
[White "Stevanic, David"]
[Black "Ivanec, Dezider"]
[Result "1-0"]
[WhiteElo "2262"]
[BlackElo "2065"]
[PlyCount "95"]
[EventDate "2022.07.03"]
[EventType "swiss"]
[EventRounds "9"]
[EventCountry "SLO"]
[SourceTitle "EXT 2023"]
[Source "ChessBase"]
[SourceDate "2022.10.05"]
[SourceVersion "1"]
[SourceVersionDate "2022.10.05"]
[SourceQuality "1"]

1. e4 c5 2. c3 g6 3. d4 cxd4 4. cxd4 d5 5. e5 Nc6 6. Nc3 Bg7 7. h3 e6 8. Nf3 Nge7 9. Bd3 0-0 10. 0-0 a6 11. Na4 Nb4 12. Bb1 Bd7 13. Nc5 Bb5 14. Re1 b6 15. Na4 a5 16. a3 Nbc6 17. Bd3 Bxd3 18. Qxd3 Rb8 19. Nc3 Na7 20. b4 Qc7 21. Bg5 axb4 22. axb4 h6 23. Bxe7 Qxe7 24. b5 Rfc8 25. Reb1 Rc7 26. Ra6 Nc8 27. Na2 Qd7 28. Nb4 Na7 29. Na2 Qc8 30. Kh2 Bf8 31. Nd2 Qd7 32. Nc3 Nc8 33. Na2 Na7 34. Nc3 Nc8 35. Rb2 Na7 36. Na4 Nc8 37. Nc3 Na7 38. Na4 Nc8 39. Nb1 Qe7 40. Nac3 Qd7 41. Na3 Qe7 42. Nc2 Qg5 43. Ne3 Qf4+ 44. Kg1 Ne7 45. Ne2 Qe4 46. Qd2 Nf5 47. Ng4 Bg7 48. f3 1-0

[Event "SLO-ch 32nd"]
[Site "Radenci"]
[Date "2022.07.08"]
[Round "7"]
[White "Ivanec, Dezider"]
[Black "Centrih, Aleks"]
[Result "1-0"]
[WhiteElo "2065"]
[BlackElo "1952"]
[PlyCount "53"]
[EventDate "2022.07.03"]
[EventType "swiss"]
[EventRounds "9"]
[EventCountry "SLO"]
[SourceTitle "EXT 2023"]
[Source "ChessBase"]
[SourceDate "2022.10.05"]
[SourceVersion "1"]
[SourceVersionDate "2022.10.05"]
[SourceQuality "1"]

1. d4 d5 2. Bf4 c5 3. e3 Nf6 4. c3 Nc6 5. Nd2 Bf5 6. Ngf3 e6 7. Ne5 Nxe5 8. dxe5 Nd7 9. g4 Bg6 10. h4 h5 11. gxh5 Bxh5 12. Be2 Bxe2 13. Qxe2 Qb6 14. 0-0-0 0-0-0 15. e4 c4 16. exd5 exd5 17. Nxc4 dxc4 18. Qxc4+ Bc5 19. b4 Qe6 20. Qxe6 fxe6 21. bxc5 Nxc5 22. Be3 Nd3+ 23. Kc2 Nxe5 24. Rxd8+ Kxd8 25. Bxa7 Ng6 26. Rg1 Rh7 27. Rxg6 1-0

[Event "SLO-ch 32nd"]
[Site "Radenci"]
[Date "2022.07.05"]
[Round "3"]
[White "Ivanec, Dezider"]
[Black "Tratar, Marko"]
[Result "0-1"]
[WhiteElo "2065"]
[BlackElo "2406"]
[PlyCount "76"]
[EventDate "2022.07.03"]
[EventType "swiss"]
[EventRounds "9"]
[EventCountry "SLO"]
[SourceTitle "EXT 2023"]
[Source "ChessBase"]
[SourceDate "2022.10.05"]
[SourceVersion "1"]
[SourceVersionDate "2022.10.05"]
[SourceQuality "1"]

1. d4 Nf6 2. Bf4 g6 3. Nc3 d5 4. Qd2 c6 5. f3 Nbd7 6. e4 dxe4 7. fxe4 Nh5 8. Bc4 e5 9. dxe5 Nxf4 10. Qxf4 Qe7 11. Nf3 Bg7 12. e6 fxe6 13. e5 Rf8 14. Qe3 Rxf3 15. Qxf3 Qh4+ 16. g3 Nxe5 17. gxh4 Nxf3+ 18. Kf2 Nxh4 19. Ne4 Bxb2 20. Nd6+ Ke7 21. Rad1 Nf5 22. Nxf5+ gxf5 23. Rd3 b5 24. Rh3 bxc4 25. Rxh7+ Kf6 26. h4 Bd4+ 27. Ke2 Ba6 28. Rh6+ Kf7 29. c3 Bxc3 30. Rd1 Ke7 31. Rh7+ Kf6 32. Rd6 Bb5 33. Rh6+ Ke5 34. Rhxe6+ Kf4 35. Re3 Bb2 36. a4 Bxa4 37. Rf3+ Ke5 38. Rd7 Bc2 0-1

[Event "Otocec Krka Terme op"]
[Site "Otocec"]
[Date "2021.07.08"]
[Round "7"]
[White "Zupancic, Jernej"]
[Black "Ivanec, Dezider"]
[Result "0-1"]
[WhiteElo "2250"]
[BlackElo "2073"]
[PlyCount "114"]
[EventDate "2021.07.03"]
[EventType "swiss"]
[EventRounds "9"]
[EventCountry "SLO"]
[SourceTitle "CBM 203 Extra"]
[Source "ChessBase"]
[SourceDate "2021.09.30"]
[SourceVersion "1"]
[SourceVersionDate "2021.09.30"]
[SourceQuality "1"]

1. d4 d5 2. c4 e6 3. Nf3 Nf6 4. Nc3 Be7 5. Bf4 0-0 6. cxd5 Nxd5 7. Nxd5 exd5 8. e3 Bf5 9. a3 c6 10. Bd3 Bxd3 11. Qxd3 Nd7 12. 0-0 a5 13. Nd2 Nf6 14. Be5 Bd6 15. Bxf6 Qxf6 16. Rfe1 Qh6 17. Nf1 f5 18. b4 f4 19. exf4 Qxf4 20. Qe3 Qxe3 21. fxe3 axb4 22. axb4 Bxb4 23. Rxa8 Bxe1 24. Ra2 b5 25. Rc2 b4 26. Rxc6 Bf2+ 27. Kh1 Rb8 28. Rc1 b3 29. g3 b2 30. Rb1 Be1 31. Kg2 Bc3 32. Kf3 Ra8 33. Ke2 Ra1 34. Nd2 Bxd2 35. Rxb2 Bc1 36. Rb8+ Kf7 37. Rb7+ Kf6 38. Rb6+ Ke7 39. Rb7+ Kd6 40. Rxg7 Ra2+ 41. Kf3 Ra3 42. Rxh7 Rxe3+ 43. Kf2 Re4 44. h4 Be3+ 45. Kf3 Bxd4 46. h5 Re3+ 47. Kf4 Re6 48. g4 Be3+ 49. Kf3 d4 50. Ra7 Rf6+ 51. Ke2 Ke5 52. Kd3 Kf4 53. Rg7 Ra6 54. g5 Kf5 55. h6 Bxg5 56. h7 Rh6 57. Rg8 Bf6 0-1

[Event "Otocec Krka Terme op"]
[Site "Otocec"]
[Date "2021.07.05"]
[Round "4"]
[White "Ivanec, Dezider"]
[Black "Benko, Bostjan"]
[Result "1/2-1/2"]
[WhiteElo "2073"]
[BlackElo "1869"]
[PlyCount "116"]
[EventDate "2021.07.03"]
[EventType "swiss"]
[EventRounds "9"]
[EventCountry "SLO"]
[SourceTitle "CBM 203 Extra"]
[Source "ChessBase"]
[SourceDate "2021.09.30"]
[SourceVersion "1"]
[SourceVersionDate "2021.09.30"]
[SourceQuality "1"]

1. d4 Nf6 2. Bf4 c5 3. c3 Qb6 4. b3 d6 5. Nf3 g6 6. Nbd2 cxd4 7. cxd4 Bf5 8. Nc4 Qd8 9. e3 Nh5 10. Bg5 h6 11. Bh4 g5 12. Bg3 Bg7 13. Bd3 Nxg3 14. fxg3 Bxd3 15. Qxd3 Nc6 16. 0-0 0-0 17. Rad1 b5 18. Ncd2 Qb6 19. Ne4 Nb4 20. Qb1 f6 21. g4 Nd5 22. Rde1 Rac8 23. Ng3 e6 24. Qe4 Rfe8 25. Nh5 Qc7 26. Rf2 Nc3 27. Qg6 Qf7 28. Qd3 f5 29. Nxg7 Kxg7 30. Nd2 Nxa2 31. gxf5 exf5 32. Rxf5 Qd7 33. Qxb5 Qxb5 34. Rxb5 Rc2 35. Rb7+ Kg6 36. Nc4 Nc3 37. h3 Rf8 38. e4 Ne2+ 39. Kh2 Nxd4 40. Rd1 Rff2 41. Ne3 Nf3+ 42. Kg3 Nh4 43. Rxd6+ Kh5 44. Rxh6+ Kxh6 45. Ng4+ Kg6 46. Nxf2 Rc3+ 47. Kg4 Nxg2 48. Rxa7 Ne3+ 49. Kf3 Nd1+ 50. Ke2 Nxf2 51. Kxf2 Rxb3 52. Kg2 Kf6 53. Ra6+ Ke5 54. Ra5+ Kf4 55. Rf5+ Kxe4 56. Rxg5 Kf4 57. Rg4+ Kf5 58. Ra4 Kg5 1/2-1/2

[Event "Otocec Krka Terme op"]
[Site "Otocec"]
[Date "2021.07.03"]
[Round "1"]
[White "Srebrnic, Marko"]
[Black "Ivanec, Dezider"]
[Result "1-0"]
[WhiteElo "2400"]
[BlackElo "2073"]
[PlyCount "65"]
[EventDate "2021.07.03"]
[EventType "swiss"]
[EventRounds "9"]
[EventCountry "SLO"]
[SourceTitle "CBM 203 Extra"]
[Source "ChessBase"]
[SourceDate "2021.09.30"]
[SourceVersion "1"]
[SourceVersionDate "2021.09.30"]
[SourceQuality "1"]

1. e4 c5 2. Nf3 g6 3. g3 Bg7 4. Bg2 Nc6 5. 0-0 d6 6. c3 Nf6 7. Re1 0-0 8. d4 cxd4 9. cxd4 d5 10. e5 Ne4 11. Nbd2 Bg4 12. Nb3 f6 13. exf6 Rxf6 14. h3 Bxf3 15. Bxf3 e5 16. Bxe4 dxe4 17. Bg5 exd4 18. Bxf6 Qxf6 19. Rxe4 Qf5 20. Qg4 Ne5 21. Qxf5 gxf5 22. Rf4 Rf8 23. g4 Nd3 24. Rxf5 Rxf5 25. gxf5 Nxb2 26. Nd2 a5 27. Rc1 b5 28. Rc5 d3 29. Rxb5 Bc3 30. Ne4 Bb4 31. Rd5 Kg7 32. Rd7+ Kf8 33. Kg2 1-0

[Event "Portoroz Nat Festival 30th"]
[Site "Portoroz"]
[Date "2020.09.05"]
[Round "3"]
[White "Centrih, Aleks"]
[Black "Ivanec, Dezider"]
[Result "1/2-1/2"]
[WhiteElo "1705"]
[BlackElo "2089"]
[PlyCount "71"]
[EventDate "2020.09.03"]
[EventType "swiss"]
[EventRounds "9"]
[EventCountry "SLO"]
[SourceTitle "CBM 198 Extra"]
[Source "ChessBase"]
[SourceDate "2020.11.30"]
[SourceVersion "1"]
[SourceVersionDate "2020.11.30"]
[SourceQuality "1"]

1. e4 c5 2. Nf3 g6 3. c3 Bg7 4. d4 cxd4 5. cxd4 d5 6. e5 Bg4 7. Nc3 Nc6 8. Bb5 e6 9. 0-0 Nge7 10. Be3 0-0 11. h3 Bxf3 12. Qxf3 Qb6 13. Rfd1 Rac8 14. Bxc6 Nxc6 15. Na4 Qb5 16. Nc5 Nb4 17. a4 Qc6 18. Rdc1 Na6 19. Bd2 Nxc5 20. Rxc5 Qd7 21. b4 b6 22. Rxc8 Rxc8 23. Qb3 Rc4 24. Qb2 a6 25. b5 a5 26. Rc1 Bf8 27. Qb3 Rxd4 28. Be3 Rb4 29. Qd1 d4 30. Rc6 Qd5 31. Bd2 Rb2 32. Rc8 Qd7 33. Ra8 Qb7 34. Re8 Qd7 35. Rb8 Qc7 36. Ra8 1/2-1/2

[Event "SLO-chT1 East 29th"]
[Site "Slovenia"]
[Date "2019.10.20"]
[Round "9.4"]
[White "Buzeti, Jernej"]
[Black "Ivanec, Dezider"]
[Result "1-0"]
[WhiteElo "2212"]
[BlackElo "2087"]
[PlyCount "53"]
[EventDate "2019.09.06"]
[EventType "team-tourn"]
[EventRounds "9"]
[EventCountry "SLO"]
[SourceTitle "CBM 192 Extra"]
[Source "Chessbase"]
[SourceDate "2019.11.06"]
[SourceVersion "1"]
[SourceVersionDate "2019.11.06"]
[SourceQuality "1"]
[WhiteTeam "Maribor II"]
[BlackTeam "Lendava Rokada"]
[WhiteTeamCountry "SLO"]
[BlackTeamCountry "SLO"]

1. e4 c5 2. Nf3 g6 3. d4 cxd4 4. Nxd4 Bg7 5. Nc3 Nc6 6. Be3 Nf6 7. Bc4 0-0 8. Bb3 d6 9. f3 Bd7 10. Qd2 Qa5 11. 0-0-0 Rac8 12. h4 h5 13. Kb1 a6 14. g4 hxg4 15. h5 Nxd4 16. Bxd4 Nxh5 17. fxg4 Bxg4 18. Rdg1 Bf3 19. Rh3 Bxe4 20. Bxg7 Bxc2+ 21. Bxc2 Kxg7 22. Rg5 Rc5 23. Rhxh5 Rh8 24. Rxc5 dxc5 25. Rxh8 Kxh8 26. Qh2+ Kg7 27. Qe5+ 1-0

[Event "SLO-chT1 East"]
[Site "Slovenia"]
[Date "2018.11.09"]
[Round "7"]
[White "Ivanec, Dezider"]
[Black "Kolar, Srecko"]
[Result "1-0"]
[WhiteElo "2053"]
[BlackElo "2161"]
[PlyCount "37"]
[EventDate "2018.09.28"]
[EventType "team-tourn"]
[EventRounds "9"]
[EventCountry "SLO"]
[SourceTitle "EXT 2021"]
[Source "ChessBase"]
[SourceDate "2020.10.23"]
[SourceVersion "1"]
[SourceVersionDate "2020.10.23"]
[SourceQuality "1"]

1. d4 Nf6 2. Bf4 c6 3. c3 g6 4. Nd2 d5 5. Ngf3 Bg7 6. e3 0-0 7. Bd3 Nbd7 8. h4 Nh5 9. Bh2 f5 10. Ng5 Ndf6 11. Be5 Ng4 12. Bxg7 Kxg7 13. Ndf3 Qd6 14. Be2 Ngf6 15. Qc2 Ne4 16. Nh3 Bd7 17. Nfg5 Nef6 18. 0-0-0 e5 19. dxe5 1-0

[Event "Portoroz op 12th"]
[Site "Portoroz"]
[Date "2018.07.19"]
[Round "7"]
[White "Ivanec, Dezider"]
[Black "Vardi, Shlomit"]
[Result "1-0"]
[WhiteElo "2091"]
[BlackElo "1871"]
[PlyCount "99"]
[EventDate "2018.07.14"]
[EventType "swiss"]
[EventRounds "9"]
[EventCountry "SVK"]
[SourceTitle "EXT 2019"]
[Source "ChessBase"]
[SourceDate "2018.10.10"]
[SourceVersion "1"]
[SourceVersionDate "2018.10.10"]
[SourceQuality "1"]

1. e4 d6 2. d4 g6 3. Be3 Bg7 4. c3 Nd7 5. Nf3 e5 6. Bc4 h6 7. Nbd2 Ngf6 8. dxe5 Nxe5 9. Nxe5 dxe5 10. Qb3 Qe7 11. Qb5+ Nd7 12. 0-0 c6 13. Qb4 Bf8 14. Qb3 b5 15. Be2 Nc5 16. Qc2 Bg7 17. b4 Na4 18. Nb3 0-0 19. Nc5 Nb6 20. f4 exf4 21. Bxf4 Be5 22. a4 bxa4 23. Nxa4 Bxf4 24. Rxf4 Nd7 25. Raf1 Ne5 26. Nc5 Bd7 27. Qd2 Be8 28. Rf6 Kh7 29. Qf4 Rg8 30. Ne6 fxe6 31. Qxe5 Rg7 32. Rxe6 Qd8 33. Bc4 Rc8 34. h3 Bf7 35. Re7 Qxe7 36. Qxe7 Bxc4 37. Qc5 Bxf1 38. Kxf1 Rcc7 39. e5 Rge7 40. Kf2 Kg7 41. Ke3 Kf7 42. Qd6 Kg7 43. Ke4 Kh7 44. e6 a5 45. Ke5 axb4 46. cxb4 Kg7 47. Qd4 Kh7 48. Kd6 Ra7 49. Qf6 c5 50. bxc5 1-0

[Event "SLO-chT1 East"]
[Site "Slovenia"]
[Date "2017.11.11"]
[Round "5"]
[White "Ivekovic, Mario"]
[Black "Ivanec, Dezider"]
[Result "1/2-1/2"]
[WhiteElo "2179"]
[BlackElo "2072"]
[PlyCount "134"]
[EventDate "2017.09.29"]
[EventType "team-tourn"]
[EventRounds "9"]
[EventCountry "SLO"]
[SourceTitle "EXT 2019"]
[Source "ChessBase"]
[SourceDate "2018.10.10"]
[SourceVersion "1"]
[SourceVersionDate "2018.10.10"]
[SourceQuality "1"]
[WhiteTeam "Brezice"]
[BlackTeam "Lendava Rokada"]
[WhiteTeamCountry "SLO"]
[BlackTeamCountry "SLO"]

1. e4 c5 2. g3 g6 3. Bg2 Bg7 4. Ne2 Nc6 5. c3 Nf6 6. d4 cxd4 7. cxd4 d6 8. Nbc3 0-0 9. 0-0 Bd7 10. h3 e6 11. Be3 Ne7 12. Qd2 Re8 13. g4 e5 14. dxe5 dxe5 15. Rfd1 Bc6 16. Nd5 Nexd5 17. exd5 Bd7 18. Rac1 b6 19. Bg5 Rc8 20. Nc3 Rc5 21. Qe3 e4 22. Qf4 Qb8 23. Qxb8 Rxb8 24. Bxf6 Bxf6 25. Nxe4 Rxc1 26. Nxf6+ Kg7 27. Rxc1 Kxf6 28. Rc7 Ke7 29. Rxa7 Kd6 30. a4 h6 31. b4 f5 32. gxf5 Bxf5 33. Rf7 Ke5 34. Re7+ Kd6 35. Re2 Rc8 36. a5 Rc1+ 37. Kh2 bxa5 38. bxa5 Ra1 39. Be4 Bxe4 40. Rxe4 Kxd5 41. Rg4 g5 42. h4 Ke5 43. hxg5 hxg5 44. Rxg5+ Kf4 45. Rg8 Rxa5 46. Kg2 Ra2 47. Rb8 Ra7 48. Rb4+ Kf5 49. Kg3 Ra3+ 50. f3 Rc3 51. Rb5+ Kf6 52. Kg4 Rc4+ 53. f4 Ra4 54. Rb6+ Kf7 55. Kg5 Ra5+ 56. f5 Ra7 57. Rh6 Kg7 58. f6+ Kg8 59. Kg6 Rg7+ 60. Kf5 Ra7 61. Rh4 Ra5+ 62. Kg6 Ra7 63. Rh6 Rg7+ 64. Kf5 Ra7 65. Rg6+ Kf8 66. Rg1 Ra5+ 67. Kg6 Ra2 1/2-1/2

[Event "SLO-chT1 East"]
[Site "Slovenia"]
[Date "2017.11.10"]
[Round "4"]
[White "Ivanec, Dezider"]
[Black "Zupe, Miran"]
[Result "1/2-1/2"]
[WhiteElo "2072"]
[BlackElo "2266"]
[PlyCount "171"]
[EventDate "2017.09.29"]
[EventType "team-tourn"]
[EventRounds "9"]
[EventCountry "SLO"]
[SourceTitle "EXT 2019"]
[Source "ChessBase"]
[SourceDate "2018.10.10"]
[SourceVersion "1"]
[SourceVersionDate "2018.10.10"]
[SourceQuality "1"]
[WhiteTeam "Lendava Rokada"]
[BlackTeam "Maribor Branik"]
[WhiteTeamCountry "SLO"]
[BlackTeamCountry "SLO"]

1. e4 e5 2. Nf3 d6 3. d4 Nd7 4. Bc4 c6 5. 0-0 Be7 6. c3 b5 7. Bd3 a6 8. Nbd2 Ngf6 9. Re1 0-0 10. Nf1 Re8 11. Ng3 g6 12. Bg5 Qc7 13. a4 Rb8 14. a5 Nf8 15. Be3 c5 16. d5 c4 17. Be2 N8d7 18. Nd2 Nc5 19. Rf1 Bf8 20. f3 Bg7 21. Qe1 Bb7 22. Qf2 Rbc8 23. f4 exf4 24. Qxf4 Qe7 25. Bd4 Ncd7 26. Bg4 Nxg4 27. Bxg7 Nde5 28. Bxe5 Nxe5 29. Qh6 f6 30. Nf3 Rc7 31. Nd4 Bc8 32. h4 Ng4 33. Qf4 Qe5 34. h5 Qxf4 35. Rxf4 Kg7 36. Raf1 Rf8 37. Nc6 Nh6 38. hxg6 hxg6 39. Nd4 Re7 40. Nc6 Ree8 41. Nb8 Rf7 42. Nc6 Bd7 43. Nd4 Rff8 44. Rd1 Nf7 45. Rh4 Ne5 46. Rd2 Rh8 47. Rxh8 Rxh8 48. Nc6 Nf7 49. Nb4 Bc8 50. Ne2 Re8 51. Ng3 Ng5 52. Rd4 Nf7 53. Rd2 Ne5 54. Rd4 Nd7 55. Kf2 Nc5 56. Nc6 Bb7 57. Kf3 Rc8 58. Nb4 Nb3 59. Rd1 Nxa5 60. Nxa6 Nb3 61. Nb4 Ra8 62. Ne2 Rc8 63. Nd4 Nxd4+ 64. Rxd4 Ra8 65. Rd1 Bc8 66. Rd2 Ra1 67. Nc2 Ra2 68. Nd4 Bd7 69. Ke3 Ra8 70. b3 cxb3 71. Rb2 Ra2 72. Rxb3 Rxg2 73. Nxb5 Bxb5 74. Rxb5 Kf7 75. Rb7+ Ke8 76. c4 Rc2 77. Kd3 Rc1 78. Rg7 g5 79. Kd4 Rc2 80. Kd3 Rc1 81. Rc7 Re1 82. Kd4 Rd1+ 83. Ke3 Re1+ 84. Kf3 Kd8 85. Ra7 Ke8 86. Rc7 1/2-1/2

[Event "Portoroz op 11th"]
[Site "Portoroz"]
[Date "2017.07.29"]
[Round "9"]
[White "Ivanec, Dezider"]
[Black "Zupancic, Urban"]
[Result "0-1"]
[WhiteElo "2086"]
[BlackElo "1927"]
[PlyCount "56"]
[EventDate "2017.07.22"]
[EventType "swiss"]
[EventRounds "9"]
[EventCountry "SLO"]
[SourceTitle "EXT 2020"]
[Source "ChessBase"]
[SourceDate "2019.10.17"]
[SourceVersion "1"]
[SourceVersionDate "2019.10.17"]
[SourceQuality "1"]

1. e4 c5 2. Nf3 d6 3. d4 cxd4 4. Nxd4 Nf6 5. Nc3 a6 6. Be3 e6 7. f3 b5 8. Qd2 Nbd7 9. 0-0-0 Bb7 10. Kb1 Rc8 11. g4 Nb6 12. Qf2 Nfd7 13. Bd3 Rxc3 14. bxc3 Qc7 15. Ne2 Be7 16. g5 0-0 17. h4 Na4 18. f4 Ndc5 19. Qf3 d5 20. exd5 Bxd5 21. Bxh7+ Kxh7 22. Qh5+ Kg8 23. Rxd5 exd5 24. f5 Ne4 25. Bd4 Ba3 26. Rd1 Naxc3+ 27. Nxc3 Nxc3+ 28. Ka1 Qc4 0-1

[Event "Portoroz op 11th"]
[Site "Portoroz"]
[Date "2017.07.27"]
[Round "7"]
[White "Ivanec, Dezider"]
[Black "Tymrakiewicz, Rafal"]
[Result "0-1"]
[WhiteElo "2086"]
[BlackElo "2256"]
[PlyCount "114"]
[EventDate "2017.07.22"]
[EventType "swiss"]
[EventRounds "9"]
[EventCountry "SLO"]
[SourceTitle "EXT 2018"]
[Source "ChessBase"]
[SourceDate "2017.10.13"]
[SourceVersion "1"]
[SourceVersionDate "2017.10.13"]
[SourceQuality "1"]

1. e4 Nf6 2. Nc3 d5 3. e5 Ne4 4. Nxe4 dxe4 5. d4 exd3 6. Qxd3 Qxd3 7. Bxd3 Nc6 8. Bf4 h6 9. 0-0-0 g5 10. Bg3 Bg7 11. Bb5 Bd7 12. h4 0-0-0 13. hxg5 hxg5 14. Rxh8 Rxh8 15. Nf3 g4 16. Nd4 Nxe5 17. Bxe5 Bxe5 18. Bxd7+ Kxd7 19. Nf3+ Bd6 20. Ne5+ Ke8 21. Nxg4 Rg8 22. Ne3 Bf4 23. Rg1 e6 24. Kd2 b5 25. g3 Ke7 26. Rh1 Bg5 27. Rh5 c6 28. Ke2 Bf6 29. c3 Rb8 30. Kd3 Bg7 31. a4 f5 32. axb5 cxb5 33. c4 b4 34. c5 a5 35. b3 a4 36. bxa4 b3 37. Rh1 b2 38. Rb1 Rb3+ 39. Kd2 Bd4 40. Nd1 Bxc5 41. Kc2 Rf3 42. Rxb2 Bxf2 43. Nxf2 Rxf2+ 44. Kc3 Rf3+ 45. Kc4 Ra3 46. Kb5 Rxg3 47. Ra2 f4 48. a5 e5 49. a6 Rg8 50. a7 Ra8 51. Kb6 Ke6 52. Kb7 Rxa7+ 53. Rxa7 f3 54. Kc6 e4 55. Ra8 f2 56. Rf8 e3 57. Rf3 e2 0-1

[Event "Portoroz op 11th"]
[Site "Portoroz"]
[Date "2017.07.26"]
[Round "6"]
[White "Nordio, Giorgio"]
[Black "Ivanec, Dezider"]
[Result "0-1"]
[WhiteElo "1919"]
[BlackElo "2086"]
[PlyCount "78"]
[EventDate "2017.07.22"]
[EventType "swiss"]
[EventRounds "9"]
[EventCountry "SLO"]
[SourceTitle "EXT 2018"]
[Source "ChessBase"]
[SourceDate "2017.10.13"]
[SourceVersion "1"]
[SourceVersionDate "2017.10.13"]
[SourceQuality "1"]

1. c4 e6 2. g3 c5 3. Nf3 Nc6 4. b3 Be7 5. Bb2 Bf6 6. Nc3 Nge7 7. Bg2 0-0 8. 0-0 d5 9. e3 b6 10. Qe2 dxc4 11. bxc4 Bb7 12. Rfd1 Qc8 13. Rac1 Nf5 14. d3 Qd7 15. d4 cxd4 16. Ne4 e5 17. g4 Nd6 18. Nxf6+ gxf6 19. exd4 Qxg4 20. dxe5 Nf5 21. h3 Qg6 22. Rd7 Rab8 23. e6 Nce7 24. Ba3 Bc6 25. Bxe7 Rfe8 26. Rxa7 Nd4 27. exf7+ Kxf7 28. Bd6+ Kg8 29. Qf1 Nxf3+ 30. Kh1 Rbd8 31. Bg3 h5 32. Bxf3 Bxf3+ 33. Kh2 Kh8 34. Qg1 Rg8 35. Ra3 Bc6 36. h4 Qe4 37. Re3 Qf5 38. Qf1 Rd2 39. Qh3 Rxf2+ 0-1

[Event "SLO-chT1 East"]
[Site "Slovenia"]
[Date "2016.09.24"]
[Round "2"]
[White "Ivanec, Dezider"]
[Black "Ivekovic, Mario"]
[Result "0-1"]
[WhiteElo "2118"]
[BlackElo "2155"]
[PlyCount "82"]
[EventDate "2016.09.23"]
[EventType "team-tourn"]
[EventRounds "9"]
[EventCountry "SLO"]
[SourceTitle "EXT 2019"]
[Source "ChessBase"]
[SourceDate "2018.10.10"]
[SourceVersion "1"]
[SourceVersionDate "2018.10.10"]
[SourceQuality "1"]
[WhiteTeam "Lendava Rokada"]
[BlackTeam "Brezice"]
[WhiteTeamCountry "SLO"]
[BlackTeamCountry "SLO"]

1. d4 g6 2. Nf3 Bg7 3. Bf4 c5 4. c3 cxd4 5. cxd4 Nf6 6. e3 0-0 7. Nc3 d6 8. h3 a6 9. e4 d5 10. e5 Ne4 11. Bd3 Bf5 12. Qc2 Nc6 13. a3 Nxc3 14. bxc3 Bxd3 15. Qxd3 e6 16. 0-0 Na5 17. Rfb1 Qc7 18. a4 Rfc8 19. Bd2 Qd7 20. Nh2 Rc4 21. Rb4 Rxb4 22. cxb4 Nc4 23. Bg5 h6 24. Bf6 Bxf6 25. exf6 Qd8 26. Ng4 h5 27. Ne5 Qxf6 28. Nxc4 dxc4 29. Qxc4 Rd8 30. Rd1 Kg7 31. Rd3 Qf4 32. b5 axb5 33. axb5 b6 34. Qc3 Rd5 35. Qc4 h4 36. Rd1 Qe4 37. Qc7 Qe2 38. Ra1 Qxb5 39. Qe7 Rxd4 40. Ra8 Rd1+ 41. Kh2 Qe5+ 0-1

[Event "SLO-chT1 East"]
[Site "Slovenia"]
[Date "2015.11.27"]
[Round "7"]
[White "Ivanec, Dezider"]
[Black "Jazbec, Hinko"]
[Result "0-1"]
[WhiteElo "2132"]
[BlackElo "1970"]
[PlyCount "60"]
[EventDate "2015.10.16"]
[EventType "team-tourn"]
[EventRounds "9"]
[EventCountry "SLO"]
[SourceTitle "EXT 2019"]
[Source "ChessBase"]
[SourceDate "2018.10.10"]
[SourceVersion "1"]
[SourceVersionDate "2018.10.10"]
[SourceQuality "1"]
[WhiteTeam "Rokada Lendava"]
[BlackTeam "Zagorje ob Savi"]
[WhiteTeamCountry "SLO"]
[BlackTeamCountry "SLO"]

1. e4 e5 2. Nf3 d6 3. d4 Nf6 4. Nc3 Nbd7 5. Bc4 Be7 6. h3 0-0 7. Be3 c6 8. a4 Qc7 9. Qe2 exd4 10. Bxd4 Ne5 11. Nxe5 dxe5 12. Be3 Bb4 13. Bd2 Qe7 14. 0-0 Be6 15. Rad1 a6 16. Bxe6 Qxe6 17. Nb1 Bxd2 18. Rxd2 b5 19. a5 Rfd8 20. Rfd1 Rxd2 21. Rxd2 Qa2 22. Nc3 Qxb2 23. Qd3 Qb4 24. Qd8+ Rxd8 25. Rxd8+ Qf8 26. Rxf8+ Kxf8 27. f3 Nd7 28. Nb1 Nc5 29. Nd2 Nb7 30. Nb3 c5 0-1